Die wirtschaftliche Blüte Spaniens im 16. Jahrhundert ind ihr Verfall / (Record no. 155047)

MARC details
000 -LEADER
campo de control de longitud fija 00847nam a2200241 i 4500
001 - NÚMERO DE CONTROL
campo de control 155047
003 - IDENTIFICADOR DE NÚMERO DE CONTROL
campo de control ES-MaACL
005 - FECHA Y HORA DE LA ÚLTIMA TRANSACCIÓN
campo de control 20240301063056.0
008 - DATOS DE LONGITUD FIJA--INFORMACIÓN GENERAL
campo de control de longitud fija 980602s1888 gw |||| | ger d
040 ## - FUENTE DE CATALOGACIÓN
Lengua de catalogación spa
Centro/agencia transcriptor ES-MaACL
100 1# - ENTRADA PRINCIPAL--NOMBRE DE PERSONA
Nombre de persona Haebler, Konrad.
9 (RLIN) 187917
Término indicativo de función/relación Autor
245 14 - MENCIÓN DEL TÍTULO
Título Die wirtschaftliche Blüte Spaniens im 16. Jahrhundert ind ihr Verfall /
Mención de responsabilidad, etc. von Konrad Häbler.
260 ## - PUBLICACIÓN, DISTRIBUCIÓN, ETC.
Lugar de publicación, distribución, etc. Berlin :
Nombre del editor, distribuidor, etc. R. Gaertners Verlagsbuchhandlung,
Fecha de publicación, distribución, etc. 1888
300 ## - DESCRIPCIÓN FÍSICA
Extensión 179 páginas ;
Dimensiones 24 cm.
490 1# - MENCIÓN DE SERIE
Mención de serie Historische untersuchungen ;
Designación de volumen o secuencia 9
651 #7 - PUNTO DE ACCESO ADICIONAL DE MATERIA--NOMBRE GEOGRÁFICO
Nombre geográfico España-
Subdivisión general Situación económica-
Subdivisión cronológica 1516-1556
9 (RLIN) 167673
752 ## - ENTRADA AGREGADA--NOMBRE JERÁRQUICO DEL LUGAR
País o entidad superior Alemania -
Ciudad Berlin
830 0# - PUNTO DE ACCESO ADICIONAL DE SERIE-TÍTULO UNIFORME
Título uniforme Historische untersuchungen ;
Designación de volumen o secuencia 9
9 (RLIN) 221534
852 ## - LOCALIZACIÓN
Ubicación ES-MaACL
Número de control de estantería G-1701
Nota libre -- Enc. hol.
942 ## - ELEMENTOS DE ENTRADA SECUNDARIOS (KOHA)
Tipo de ítem Koha Libro impreso
Suprimir en OPAC No
Holdings
Estatus retirado Estado de pérdida Estado de daño No para préstamo Colección Biblioteca de origen Biblioteca actual Ubicación en estantería Fecha de adquisición Fuente de adquisición Total de préstamos Signatura topográfica completa Código de barras Visto por última vez Precio de reemplazo Tipo de ítem Koha
        Libros del s. XIX Biblioteca del Ateneo de Madrid Biblioteca del Ateneo de Madrid Depósito 2 17/01/2008     G-1701 1162187 23/02/2023 23/02/2023 Libro impreso antiguo